Surveying. (Record no. 59185)

MARC details
000 -LEADER
fixed length control field 00666nam a2200193 a 4500
008 - FIXED-LENGTH DATA ELEMENTS--GENERAL INFORMATION
fixed length control field 081209s1998 ||||||||||||||||| || u
020 ## - INTERNATIONAL STANDARD BOOK NUMBER
International Standard Book Number 0582302498
050 ## - LIBRARY OF CONGRESS CALL NUMBER
Classification number TA 545 Ban
100 ## - MAIN ENTRY--PERSONAL NAME
Personal name Bannister, A. (Arthur)
245 10 - TITLE STATEMENT
Title Surveying.
Statement of responsibility, etc. A. Bannister, S. Raymond and R. Baker
250 ## - EDITION STATEMENT
Edition statement 7th ed.
260 ## - PUBLICATION, DISTRIBUTION, ETC.
Place of publication, distribution, etc. Harlow, England
Name of publisher, distributor, etc. Pearson
Date of publication, distribution, etc. 1998
300 ## - PHYSICAL DESCRIPTION
Extent x, 502p.: ill.
350 ## - PRICE (NR) (BK AM CF MU VM SE) [OBSOLETE]
Price 0.00
650 #0 - SUBJECT ADDED ENTRY--TOPICAL TERM
Topical term or geographic name entry element SURVEYING
700 ## - ADDED ENTRY--PERSONAL NAME
Personal name Raymond, S. (Stanley)
700 ## - ADDED ENTRY--PERSONAL NAME
Personal name Baker, R. (Raymond), 1956-
995 ## - RECOMMENDATION 995 [LOCAL, UNIMARC FRANCE]
-- 0.00
-- CBU-MAIN LIBRARY (Kitwe)
-- 1
-- 0.00
-- 1
-- OUT
-- Jan 29, 2009
-- Main Library Open Access Collection
Holdings
Withdrawn status Lost status Source of classification or shelving scheme Damaged status Not for loan Home library Current library Shelving location Date acquired Total Checkouts Total Renewals Full call number Barcode Date due Date last seen Date last checked out Price effective from Koha item type
          CBU-MAIN LIBRARY, KITWE. CBU-MAIN LIBRARY, KITWE.   11/30/2022 8 1 TA 545 Ban 739124 08/22/2025 06/20/2025 06/20/2025 11/30/2022 MONOGRAPH